00226nam a2200097 4500082001200000100001600012245003600028260002100064300000800085650003500093 a546 DUR aDurrant P.J aGeneral and Inorganic Chemistry aLondonbLongmans a671 achemistryaInorganic chemistry